Statistiken für Geboren in Erfurt

Klicken Sie hier um das Quiz zu spielen!

Allgemein

  • Dieses Quiz wurde 43 mal gespielt
    (14 seit der letzten Aktualisierung)
  • Das Durchschnittsergebnis liegt bei 4 aus 14

Antwortstatistiken

HinweisAntwort% Korrekt
Sänger, "Chicago" "Zusammen" "Neuanfang"1980Clueso
92%
Sängerin, Schauspielerin und Mitglied der Jury bei "The Voice of Germany"1979Yvonne Catterfeld
75%
SPD-Politiker und Bürgermeister von Erfurt1973Andreas Bausewein
58%
früherer Nationalspieler und langjähriger Kapitän von Werder Bremen1980Clemens Fritz
58%
Fußballer der aktuell für den 1.FC Union Berlin spielt (früher aktiv für Bremen, Nürnberg und Erfurt1993Kevin Möhwald
42%
Moderatorin, Journalistin und Autorin, "Zimmer frei!" "Literarisches Quartett"1948Christine Westermann
17%
Moderatorin, bekannt aus den Shows von Joko und Klaas sowie "extra 3"1981Janin Ullmann
8%
Schauspielerin, bekannt als Hauptdarstellerin der Edelstein-Trilogie1993Maria Ehrich
8%
Schauspieler, "Good Bye, Lenin" "Die Stile nach dem Schuss"1973Alexander Beyer
0%
Mitgründer und erster Generaldirektor der Allianz-Versicherung1844Carl von Thieme
0%
Chemiker und Mitgründer der Farbwerke Höchst1834Eugen Lucius
0%
Zirkusdirektor und Begründer einer Zirkus-Dynastie1783Friedrich Knie
0%
bedeutender Soziologe und Jurist1864Max Weber
0%
erster Präsident des Bundesnachrichtendienstes1902Reinhard Gehlen
0%

Verteilung der Resultate

Perzentil nach korrekt beantworteten Fragen

Anzahl Personen mit jedem Resultat

Ihre Resultats-Entwicklung

Sie haben dieses Quiz seit der letzten Aktualisierung nicht gespielt